| 000 | 01348nam a22003377a 4500 | ||
|---|---|---|---|
| 003 | EG-ScBUE | ||
| 005 | 20211130124103.0 | ||
| 008 | 090906s2003 ua f 000 d ara d | ||
| 017 | _a2003 / 8549 | ||
| 020 | _a9773054446 | ||
| 040 |
_aEG-ScBUE _bara _erda _cEG-ScBUE _dEG-ScBUE |
||
| 041 | 1 |
_aara _hjpa |
|
| 082 | 0 | 4 |
_a895.62 _bم ي ش _222 |
| 100 | 1 |
_aميشيما، يوكيو، _d1925-1970، _eمؤلف. |
|
| 245 | 1 | 0 |
_aخمس مسرحيات نو حديثة / _cتأليف يوكيو ميشيما ؛ ترجمة احمد عبد الفتاح، عبد الغني داود. |
| 246 | 3 | _a5 مسرحيات نو حديثة | |
| 264 | 1 |
_aالقاهرة : _bالهيئة العامة لقصور الثقافة، _c2003. |
|
| 300 |
_a226 صفحة ؛ _c18 سم. |
||
| 336 |
_2rdacontent _aنص _btxt |
||
| 337 |
_2rdamedia _aبدون وسيط _bn |
||
| 338 |
_2rdacarrier _aمجلد _bnc |
||
| 490 | 0 |
_aآفاق عالمية ؛ _v21 |
|
| 546 | _aالنص باللغة العربية وتم ترجمته من اللغة اليابانية. | ||
| 650 | 7 |
_98733 _aالمسرحيات اليابانية _yقرن 20. _2BUEsh |
|
| 651 | _2BUEsh | ||
| 653 |
_bGGEN _cNovember2021 |
||
| 655 |
_vReading book _934232 |
||
| 700 | 1 |
_aعبد الفتاح، أحمد، _eمترجم. |
|
| 700 | 1 |
_aداود، عبد الغني، _eمترجم. |
|
| 942 |
_2ddc _cBB |
||
| 999 |
_c12749 _d12749 |
||